Estadísticas para Nombra un País Insular A-Z

Haz click aquí para intentar la prueba.

Estadísticas generales

  • Esta prueba ha sido intentada 148 veces
  • La puntuación promedio es 16 de 18

Estadísticas de respuestas

LetraPaís% Correcto
IIndonesia | Irlanda | Islandia +2
99%
CCabo Verde | Chipre | Comoras | Cuba
98%
BBahamas | Barbados | Baréin | Brunéi
96%
SSan Cristóbal y Nieves | Santo Tomé y Príncipe | Seychelles +5
96%
JJamaica | Japón
95%
MMadagascar | Maldivas | Mauricio +1
95%
TTaiwán | Timor Oriental | Trinidad y Tobago +2
95%
FFilipinas | Fiyi
92%
NNauru | Nueva Zelanda
92%
VVanuatu
90%
DDominica
88%
PPalaos | Papúa Nueva Guinea
87%
AAntigua y Barbuda
83%
HHaití
81%
KKiribati
81%
RReino Unido | República Dominicana
78%
GGranada
75%
EEstados Federados de Micronesia
57%

Distribución de puntuación

Porcentaje por número respondido

Porcentaje de gente con cada puntuación

Historial de tus puntuaciones

No has intentado esta prueba.